000 00571nam a2200181Ia 4500
008 100920s9999 xx 000 0 und d
082 _b99329
_a891.43 न 07
100 _aचौधरी बिश्वरूप राय.
245 _aअसंभव संभव.
260 _bप्यूजन बुक्स दिल्ली.
_c2007
300 _a175
_bसाधी
365 _b250
520 _aहिंदी.
630 _aअसंभव संभव.
650 _aहिंदी.
730 _aअसंभव संभव.
942 _cBOOK
999 _c739767
_d739764